Lanean...
Direct taxes manual:vol.1
| Egile nagusia: | |
|---|---|
| Beste egile batzuk: | |
| Formatua: | Printed Book |
| Argitaratua: |
New Delhi
Bharat Law House
1998
|
| Edizioa: | 6th ed. |
| Gaiak: |
| LEADER | 00468cam a2200157ua 4500 | ||
|---|---|---|---|
| 082 | |a 336.294 |b PUL.1 | ||
| 100 | |a Puliani, Ravi | ||
| 245 | 0 | 0 | |a Direct taxes manual:vol.1 |
| 250 | |a 6th ed. | ||
| 260 | |a New Delhi |b Bharat Law House |c 1998 | ||
| 300 | |a 11.3. | ||
| 650 | 0 | |a Taxes- Dcirect taxes | |
| 700 | 0 | 2 | |a Puliani, Mahesh |
| 942 | |c REF | ||
| 999 | |c 9986 |d 9986 | ||
| 952 | |0 0 |1 0 |4 0 |6 336_294000000000000_PUL_1 |7 0 |9 10404 |a KUCL |b KUCL |d 2014-05-23 |l 0 |o 336.294 PUL.1 |p 03328 |r 2017-03-04 |y REF | ||